Misterio de la ekklesia (Record no. 178537)

MARC details
000 -LEADER
campo de control de longitud fija 00936nam a22002655i 4500
001 - NÚMERO DE CONTROL
campo de control 178537
003 - IDENTIFICADOR DE NÚMERO DE CONTROL
campo de control ES-MaACL
005 - FECHA Y HORA DE LA ÚLTIMA TRANSACCIÓN
campo de control 20250830111236.0
008 - DATOS DE LONGITUD FIJA--INFORMACIÓN GENERAL
campo de control de longitud fija 110607s1964 sp |||| | spa d
080 ## - NÚMERO DE LA CLASIFICACIÓN DECIMAL UNIVERSAL
Número de la Clasificación Decimal Universal 27-72
100 1# - ENTRADA PRINCIPAL--NOMBRE DE PERSONA
Nombre de persona Casel, Odo.
9 (RLIN) 146959
245 10 - MENCIÓN DEL TÍTULO
Título Misterio de la ekklesia
Resto del título : la comunidad de todos los redimidos en Cristo /
Mención de responsabilidad, etc. Odo Casel ; [lo tradujo al castellano Ignacio Oñatibia].
260 ## - PUBLICACIÓN, DISTRIBUCIÓN, ETC.
Lugar de publicación, distribución, etc. Madrid :
Nombre del editor, distribuidor, etc. Guadarrama,
Fecha de publicación, distribución, etc. 1964.
300 ## - DESCRIPCIÓN FÍSICA
Extensión 514 p. ;
Dimensiones 22 cm.
490 1# - MENCIÓN DE SERIE
Mención de serie Los libros del monograma
490 1# - MENCIÓN DE SERIE
Mención de serie Teología y siglo XX ;
Designación de volumen o secuencia 3
504 ## - NOTA DE BIBLIOGRAFÍA, ETC.
Nota de bibliografía, etc. Bibliografía: p. 503-514.
610 24 - PUNTO DE ACCESO ADICIONAL DE MATERIA--NOMBRE DE ENTIDAD CORPORATIVA
Nombre de entidad corporativa o nombre de jurisdicción como elemento de entrada Iglesia Católica
9 (RLIN) 4639
650 #4 - PUNTO DE ACCESO ADICIONAL DE MATERIA--TÉRMINO DE MATERIA
Término de materia o nombre geográfico como elemento de entrada Vida espiritual-
Subdivisión general Iglesia Católica.
9 (RLIN) 150036
700 0# - ENTRADA AGREGADA--NOMBRE PERSONAL
Nombre de persona Oñatibia, Ignacio.
9 (RLIN) 87114
830 04 - PUNTO DE ACCESO ADICIONAL DE SERIE-TÍTULO UNIFORME
Título uniforme Los libros del monograma
9 (RLIN) 183512
830 0# - PUNTO DE ACCESO ADICIONAL DE SERIE-TÍTULO UNIFORME
Título uniforme Teología y siglo XX ;
Designación de volumen o secuencia 3
9 (RLIN) 191015
852 ## - LOCALIZACIÓN
Ubicación ES-MaACL
Número de control de estantería E-15417
Encuadernación Olim P-315-Ter
Holdings
Estatus retirado Estado de pérdida Estado de daño No para préstamo Biblioteca de origen Biblioteca actual Ubicación en estantería Fecha de adquisición Fuente de adquisición Total de préstamos Signatura topográfica completa Código de barras Visto por última vez Precio de reemplazo Tipo de ítem Koha
        Biblioteca del Ateneo de Madrid Biblioteca del Ateneo de Madrid Depósito 2 07/06/2011     E-15417 1187542 23/02/2023 23/02/2023 Libro impreso